00778nam a22002057a 4500003000900000005001700009007000300026008004100029020001800070040002500088082002800113100003300141245014700174260003600321300003500357500006800392504003200460650005900492700002100551DO-SdBNP20220531084014.0ta210419b2020 dr ||||| |||| 00| 0 spa d a9789945220858 aDO-SdBNPbspacBNPHU 4a289.94097293bC957i2221 aCruz, Manuel Antonio,d1940-10aIglesia de Dios, un ejército en marcha :bhistoria de la iglesia de Dios en República Dominicana /cManuel Antonio Cruz, Víctor J. Cruz aSanto Domingo :bBúho,c2020. a280 p. :bil.; fots. ;c24 cm. aIncluye datos biográficos de los autores en la contracubierta aBibliografía : p. 277-278 4aIglesia pentecostal zRepública DominicanaxHistoria1 aCruz, Victor J.